Words with the letters OTSPS - Statistics

General Stats
  • This quiz has been taken 38 times
  • The average score is 22 of 26
Answer Stats
Length Word % Correct
2 Po
100%
4 Stop
100%
5 Stops
100%
3 Pos
97%
2 To
97%
4 Post
94%
3 Pot
94%
4 Pots
94%
2 So
94%
4 Spot
94%
5 Spots
94%
3 Top
94%
4 Tops
94%
3 Sot
91%
5 Posts
88%
2 Op
85%
3 Sop
85%
3 Sos
79%
3 Opt
76%
4 Toss
76%
2 Os
73%
4 Sops
73%
4 Opts
70%
4 Sots
70%
3 Ops
67%
4 Psst
21%
No matching quizzes found
Score Distribution
Percent of People with Each Score
Percentile by Number Answered
Your Score History
You have not taken this quiz